El Ateneo / (Record no. 53897)
[ view plain ]
| 000 -LEADER | |
|---|---|
| campo de control de longitud fija | 00654naa a2200193 i 4500 |
| 001 - NÚMERO DE CONTROL | |
| campo de control | 53897 |
| 003 - IDENTIFICADOR DE NÚMERO DE CONTROL | |
| campo de control | ES-MaACL |
| 005 - FECHA Y HORA DE LA ÚLTIMA TRANSACCIÓN | |
| campo de control | 20250731034204.0 |
| 008 - DATOS DE LONGITUD FIJA--INFORMACIÓN GENERAL | |
| campo de control de longitud fija | 210301s2015 sp 000 0 spa |
| 040 ## - FUENTE DE CATALOGACIÓN | |
| Centro/agencia transcriptor | ES-MaACL |
| 100 1# - ENTRADA PRINCIPAL--NOMBRE DE PERSONA | |
| Nombre de persona | Azaña, Manuel, |
| Fechas asociadas al nombre | 1880-1940 |
| 9 (RLIN) | 24223 |
| Término indicativo de función/relación | Autor |
| 245 13 - MENCIÓN DEL TÍTULO | |
| Título | El Ateneo / |
| Mención de responsabilidad, etc. | Manuel Azaña. |
| 300 ## - DESCRIPCIÓN FÍSICA | |
| Extensión | 15 p. ; |
| Dimensiones | 20 cm. |
| 610 24 - PUNTO DE ACCESO ADICIONAL DE MATERIA--NOMBRE DE ENTIDAD CORPORATIVA | |
| Nombre de entidad corporativa o nombre de jurisdicción como elemento de entrada | Ateneo de Madrid- |
| Subdivisión de forma | Historia- |
| -- | Relatos personales |
| 9 (RLIN) | 1926 |
| 773 0# - ASIENTO DE ITEM FUENTE | |
| Título | Gentes de mi tiempo, |
| Número Internacional Estándar del Libro | ISBN 9788415973515, |
| Lugar, editor y fecha de publicación | Madrid : Reino de Cordelia, 2015, |
| Parte(s) relacionada(s) | p. 183-197 |
| Número bibliográfico anfitrión | 186156 |
| Número de control del registro | (SpMaBN)186156 |
| Número de ítem anfitrión | 193208 |
| 942 ## - ELEMENTOS DE ENTRADA SECUNDARIOS (KOHA) | |
| Tipo de ítem Koha | Capítulo de libro |
| Fuente del sistema de clasificación o colocación | Clasificación decimal universal |
| Suprimir en OPAC | No |
No items available.
